Plasticity and geotechnics

Guardat en:
Dades bibliogràfiques
Autor principal: Yu, Hai-Sui (Autor)
Format: Llibre
Idioma:anglès
Publicat: Nueva York Springer 2010
Col·lecció:Advances in Mechanics and Mathematics, 13
Matèries:
Etiquetes: Afegir etiqueta
Sense etiquetes, Sigues el primer a etiquetar aquest registre!

MARC

LEADER 00000cam a2200000 a 4500
001 UCG9507
003 CL-VaPUC
008 120316e20100000US |||||||||||||||||eng|d
020 |a 9781441941411 
082 0 4 |a 624.1  |b YU  |2 21 
100 0 |a Yu, Hai-Sui  |e author  |9 561098 
245 1 0 |a Plasticity and geotechnics 
300 |a 522 p 
942 |c BK 
945 |d 20120316 00:00:00  |a dcastane 
260 |a Nueva York  |b Springer  |c 2010 
650 0 |a Mecánica de suelos  |9 260278 
650 0 |a Plasticidad   |9 262659 
650 7 |a DEFORMACION PLASTICA  |2 CL-VaPUC  |9 442921 
650 7 |a TENSION MECANICA  |2 CL-VaPUC  |9 561099 
583 |a last modification  |c 20120316 11:38:00  |k Rodrigo Vera 
490 0 |a Advances in Mechanics and Mathematics, 13 
999 |c 347055  |d 347053 
952 |0 0  |1 0  |4 0  |6 624_100000000000000_YU_2010  |7 0  |8 A  |9 448147  |a BIBING  |b BIBING  |d 2019-11-22  |i 4845927  |o 624.1 YU 2010  |p 4845927  |r 2025-01-20  |w 2019-11-22  |y BK  |k CIC